| 000 | 00636nam a2200217 a 4500 | ||
|---|---|---|---|
| 005 | 20140310183453.0 | ||
| 008 | 090310s19uu xx 00 eng d | ||
| 020 | _a9781564149572 | ||
| 050 |
_aHD 62.5 _b.Si5559 2007 |
||
| 100 | _aSilvester, James L. | ||
| 245 |
_a151 quick ideas for start-up entrepreneurs. / _cJames L. Silvester |
||
| 260 |
_aFranklin Lakes, New Jersey : _bCareer Press, _c2007. |
||
| 300 |
_a188 p. : _bill. ; _c20 cm. |
||
| 521 | _aBSBA | ||
| 650 | _aBSBA. | ||
| 650 | _aNew business enterprises. | ||
| 650 |
_aSmall business _xManagement. |
||
| 942 |
_cBK _2lcc _kFOR |
||
| 999 |
_c23470 _d23470 |
||